Nagpur affairs, selection of Marathi letters from the Menavli Daftar, (Record no. 79421)
[ view plain ]
| 000 -LEADER | |
|---|---|
| fixed length control field | 00931nam a22002411 4500 |
| 001 - CONTROL NUMBER | |
| control field | sa 68003358 |
| 003 - CONTROL NUMBER IDENTIFIER | |
| control field | DLC |
| 005 - DATE AND TIME OF LATEST TRANSACTION | |
| control field | 20260227112452.0 |
| 008 - FIXED-LENGTH DATA ELEMENTS--GENERAL INFORMATION | |
| fixed length control field | 710903m19549999ii 00010 eng |
| 010 ## - LIBRARY OF CONGRESS CONTROL NUMBER | |
| LC control number | sa 68003358 |
| 041 0# - LANGUAGE CODE | |
| Language code of text/sound track or separate title | engmar |
| 043 ## - GEOGRAPHIC AREA CODE | |
| Geographic area code | a-ii--- |
| 050 0# - LIBRARY OF CONGRESS CALL NUMBER | |
| Classification number | DS403 |
| Item number | .S52 |
| 100 10 - MAIN ENTRY--PERSONAL NAME | |
| Personal name | Shejwalkar, Tryambak Shankar, |
| Relator term | comp. |
| 245 10 - TITLE STATEMENT | |
| Title | Nagpur affairs, selection of Marathi letters from the Menavli Daftar, |
| Statement of responsibility, etc. | edited with introduction by Tryambak Shankar Shejwalkar. |
| 260 0# - PUBLICATION, DISTRIBUTION, ETC. | |
| Place of publication, distribution, etc. | Poona |
| Name of publisher, distributor, etc. | [Deccan College Postgraduate and Research Institute] |
| Date of publication, distribution, etc. | 1954- |
| 300 ## - PHYSICAL DESCRIPTION | |
| Extent | v. |
| Dimensions | 26 cm. |
| 490 1# - SERIES STATEMENT | |
| Series statement | Deccan College monograph series, 9, 14, |
| 500 ## - GENERAL NOTE | |
| General note | English or Marathi; introd. in English. |
| 651 #0 - SUBJECT ADDED ENTRY--GEOGRAPHIC NAME | |
| Geographic name | Nagpur, India (District) |
| General subdivision | History |
| -- | Sources. |
| 651 #0 - SUBJECT ADDED ENTRY--GEOGRAPHIC NAME | |
| Geographic name | India |
| General subdivision | History |
| Chronological subdivision | 18th century |
| General subdivision | Sources. |
| 810 2# - SERIES ADDED ENTRY--CORPORATE NAME | |
| Corporate name or jurisdiction name as entry element | Deccan College Postgraduate and Research Institute. |
| Title of a work | Deccan College monograph series, |
| Volume/sequential designation | 9 [etc.] |
No items available.